000 00434nam a22001577a 4500
003 OSt
005 20251121092910.0
008 251121b |||||||| |||| 00| 0 eng d
020 _a978-0-85707-118-7
040 _aDWC-Main Lib.
_cOC
082 _aFic. R961ps 2011
245 _aDork diaries :
_bpop star/
260 _aLondon :
_bSimon & Schuster UK Ltd.,
_cc2011.
300 _a311 pages ;
_c20 cm.
942 _2ddc
_cFIC.
_hFic.
_n0
999 _c5951
_d5951